000 00554nam a2200205Ia 4500
003 OSt
005 20230329115027.0
008 210423s2008 xx 000 0 und d
020 _a9788173716775
040 _cAL
041 _aeng
082 _a547.2
_223
_bMUKS
100 _aMUKHERJI (S M);SINGH (S P).
_979583
245 _aReaction mechanism in organic chemistry.
260 _aNew Delhi
_bMacmillan India Ltd
_c2008
300 _axi,553
_bPB
365 _b295
_cINR
906 _achemistry. ; mechanism ; organic ; Reaction
942 _2ddc
_cBK
999 _c154460
_d154460